000 00680nam a22002177a 4500
999 _c14282
_d14282
003 AR-CdUCM
008 190422b ||||| |||| 00| 0 spa d
020 _a978-84-9825-452-5
040 _aMUNICIPALIDAD PROVINCIAL DEL CUSCO
_cBIBLIOTECA MUNICIPAL DEL CUSCO
082 _aPI / 376.1 /
_bM41
100 _aHillary, Edmund
_933003
245 _aEn la cima del mundo :
_bEd Mund & Tenzing /
260 _aBarcelona :
_bCombel,
_c2009.
300 _a8 páginas ;
_bIlustraciones,
_c19 cm.
650 _aAprendizaje
_92143
650 _aHistoria
_9136
700 _aNorgay, Tenzing
_933004
710 _aCombel Editorial.
_933005
942 _2ddc
_cLIBROS
945 _aacv
_d2019-04-22